| 000 | 00632nam a2200145 a 4500 | ||
|---|---|---|---|
| 001 | 000040363 | ||
| 005 | 20201002034102.0 | ||
| 008 | 130822s2010 mx 000 0 spa d | ||
| 020 | _a9786070212338 | ||
| 040 |
_aDO-SdBNP _bspa _cBNPHU |
||
| 100 | 1 |
_aRascón Banda, Víctor Hugo, _c1948- _925257 |
|
| 245 | 1 | 0 |
_aTeatro, sociedad y democracia : discurso de ingreso a la Academia Mexicana de la Lengua, 26 de junio de 2008 / _cVíctor Hugo Rascón Banda ; respuesta de Carlos Montemayor. |
| 260 |
_aMéxico : _bDirección General de Publicaciones y Fomento Editorial : Academia Mexicana de la Lengua :, _c2010. |
||
| 300 |
_a82 p. ; _c18 cm. |
||
| 999 |
_c39853 _d39853 |
||